A Christian Evaluation of Isa (Jesus): In the Holy Quran (Record no. 20377)

MARC details
000 -LEADER
fixed length control field 00320nam a22001217a 4500
082 ## - DEWEY DECIMAL CLASSIFICATION NUMBER
Classification number 297.24 BIS
100 ## - MAIN ENTRY--AUTHOR NAME
Author name Biswas, Chitranjan
245 ## - TITLE STATEMENT
Title A Christian Evaluation of Isa (Jesus): In the Holy Quran
260 ## - PUBLICATION, DISTRIBUTION, ETC. (IMPRINT)
Place of publication Jabalpur
Name of publisher Leonard Theological College
Year of publication 1965
300 ## - PHYSICAL DESCRIPTION
Number of Pages 38
650 ## - SUBJECT ADDED ENTRY--TOPICAL TERM
Topical Term Islam-Prophecy
942 ## - ADDED ENTRY ELEMENTS (KOHA)
Koha item type Reading Reference Book
Holdings
Home library Current library Date acquired Source of acquisition Cost, normal purchase price Full call number Accession Number Koha item type
Henry Martyn Institute Library Henry Martyn Institute Library 03/30/2017 Biswas, Chitranjan 50.00 297.24 BIS 5739 Reading Reference Book
                   Copyright © 2026 | Henry Martyn Institute | Hyderabad | TS-500052 | INDIA | Implemented by hmi.edu.in
Hit-Count:

Powered by Koha